|
|
|
|
| LEADER |
00000nam a2200000 a 4500 |
| 001 |
UCZ6988 |
| 003 |
CL-VaPUC |
| 008 |
951222e19950000SP |||||||||||||||||spa|d |
| 082 |
0 |
4 |
|a 170
|b PER
|2 21
|
| 100 |
0 |
|
|a Pérez-Delgado, Esteban
|e author
|9 351657
|
| 700 |
0 |
|
|a Soler, María José
|e author
|9 351658
|
| 245 |
1 |
3 |
|a El cuestionario de problemas sociomorales DIT de J. Rest y su uso informalizado
|
| 300 |
|
|
|a 116 p
|
| 942 |
|
|
|c BK
|
| 945 |
|
|
|d 19951222 00:00:00
|a rleighto
|
| 260 |
|
|
|a Valencia
|b Albatros
|c 1995
|
| 650 |
|
0 |
|a Ética
|9 255099
|
| 650 |
|
7 |
|a DESARROLLO MORAL
|2 CL-VaPUC
|9 310605
|
| 650 |
|
7 |
|a PROBLEMAS MORALES
|2 CL-VaPUC
|9 334571
|
| 650 |
|
0 |
|a Sociedad
|9 307903
|
| 583 |
|
|
|a last modification
|c 19951222 00:00:00
|k Rodrigo Vera
|
| 999 |
|
|
|c 243123
|d 243121
|
| 952 |
|
|
|0 0
|1 0
|4 0
|6 170_000000000000000_PER_1995
|7 0
|8 A
|9 256557
|a BIBEDU
|b BIBEDU
|d 2019-11-19
|i 315856K
|o 170 PER 1995
|p 315856K
|r 2019-11-19
|w 2019-11-19
|y BK
|k FIL
|